Statystyki dla Żeńskie Imiona na literę I

Kliknij tutaj aby rozwiązać quiz!

Ogólne statystyki

  • Ten quiz został rozwiązany 235 razy
  • Średni wynik to 6 z 13

Statystyki odpowiedzi

Imiona% Poprawnych
Iwona
85%
Iga
83%
Irena
77%
Izabela
76%
Ilona
75%
Ida
54%
Irmina
35%
Izydora
21%
Ines
17%
Irma
15%
Izolda
13%
Ignacja
10%
Imisława
3%

Rozkład punktacji

Percentyl według liczby udzielonych odpowiedzi

Procent ludzi z każdym wynikiem

Twoja historia wyników

Nie rozwiązałeś tego quizu